000
00318nam a22001457a 4500
003
SGT
082
_a
540,SIN
100
_a
SINGH BHUPENDRA
245
_a
MATHEMATICS FOR CHEMIST
250
_a
14TH
260
_a
NEW DELHI
_b
PRAGATI PRAKASHAN MEERUT
_c
2016
300
_a
514
650
_a
CHEMISTRY
942
_2
ddc
_c
FPS
999
_c
10025
_d
10025